000 00916aam a2200313 i 4500
001 768714001
003 CO-MdFUSB
005 20251114171520.0
007 ta
008 251114t1967 -us |||| |||| 00| 0 eng d
040 _cCO-MdFUSB
041 0 _aeng
082 0 4 _223
_a253.1
_bH5211o
110 _aWorld Wide Publications,
245 1 0 _aOne race, one gospel, one task
_c/ Editado por : Carl F. H. Henry , W. Stanley Mooneyham
264 1 _bWorld Wide Publications,
_aMinneapolis, MN., USA :
_c[1967]
264 4 _c©1967
300 _a319 páginas
336 _atexto
_btxt
_2rdacontent
337 _2rdamedia
_asin mediación
_bn
338 _2rdacarrier
_avolumen
_bnc
563 _aPasta dura
650 0 _aEvangelización
_9362
700 _aHenry, Carl F.H,
_91802
_eeditor
700 _aMooneyham, W. Stanley,
_912035
_eeditor
942 _cBK
945 _aJTF-925
999 _c36610
_d36610